| 000 | 00691nam a2200217Ia 4500 | ||
|---|---|---|---|
| 003 | SISC | ||
| 005 | 20170131094953.0 | ||
| 008 | 140429s9999 xx 000 0 und d | ||
| 020 | _a9780538469395 | ||
| 050 |
_aHB 171.5 _b.T796w 2011 |
||
| 100 | _aTucker, Irvin B. | ||
| 245 |
_aEconomics for today's world / _cIrvin B. Tucker. |
||
| 250 | _a7th edition. | ||
| 260 |
_aCanada : _bSouth-Western Cengage Learning, _c2011. |
||
| 300 |
_a890 pages. : _bcolor illustrations ; _c27 cm. |
||
| 500 | _aIncludes bibliographical references, glossary and index. | ||
| 650 | _aEconomics. | ||
| 650 |
_aUnited States _xEconomic conditions --2001-2009. |
||
| 942 |
_kFOR _cBK _2lcc |
||
| 999 |
_c115711 _d115711 |
||